000 01383nam a22002897 4500
999 _c1415
_d1415
003 AR-BaISA
005 20230925145019.0
007 ta
008 230913s2015 ag |||| |||| 000 0 spa d
020 _a9789506495800
040 _bspa
_cAR-BaISA
082 0 4 _222
_a150.195 B414
100 1 _93063
_aBelucci, Gabriel
_eaut.
245 1 0 _aEl sujeto en la estructura:
_bfundamentos clínicos del psicoanálisis /
_cGabriel Belucci, Lujan Iuale, Darío Groel, Damián López, Eduardo Said, Luciano Lutereau; epílogo Eduardo Duer
260 _aBuenos Aires:
_bLetra Viva,
_c2015
300 _a125 p.
505 _tLuciano Lutereau / Clínica psicoanalítica y usos del caso --
_tLujan Iuale / La constitución psíquica y la subjetivación del cuerpo --
_tDamián López / Neurosis. Fundamentos e intervenciones --
_tGabriel Belucci / El tratamiento de las psicosis --
_tDarío Groel / La perversión, de Freud a Lacan --
_tEduardo Said / De la posición del analista --
_tEduardo Duer / Epílogo. Actualidad de la clínica psicoanalítica
650 1 0 _9141
_aPsicoanálisis
650 1 0 _92645
_aPsicología clínica
700 1 _92848
_aIuale, Luján
_eaut.
700 1 _93064
_aGroel, Darío
_eaut.
700 1 _93066
_aLópez, Damián
_eaut.
700 1 _93067
_aSaid, Eduardo
_eaut.
700 1 _93068
_aLutereau, Luciano
_eaut.
700 1 _93082
_aDuer, Eduardo
942 _2ddc
_cLI
_e22